000 00291nam a22001337a 4500
008 170306b xxu||||| |||| 00| 0 eng d
020 _a9780721669021
041 _aeng
080 _26 ED
_a575
100 _a6
101 _aSHM
245 _aGENETICS MEDICINE
_cNUSSBAUM.R
942 _2udc
_cBK
999 _c6784
_d6784